[Event "Accentus Young Masters 2019"]
[Site "Bad Ragaz"]
[Date "2019.03.05"]
[Round "7.5"]
[White "Studer, Noel"]
[Black "Colmenares, Aurelio"]
[Result "1-0"]
[WhiteElo "2494"]
[BlackElo "2335"]
[Annotator "TA"]
[PlyCount "97"]
[EventDate "2019.02.27"]
[EventType "tourn"]
[EventCountry "SUI"]
[SourceTitle "playchess.com"]
[Source "ChessBase"]
[SourceQuality "1"]

{[%evp 10,97,10,10,35,0,5,4,3,0,4,0,16,0,0,0,0,0,0,0,0,0,0,-32,-25,-20,60,65,55,60,59,65,85,17,21,8,16,31,93,103,258,241,334,186,189,191,191,183,181,178,176,175,219,220,219,234,241,218,203,168,220,223,222,218,213,200,193,183,272,274,269,263,289,266,256,257,291,297,298,284,287,200,347,283,394,392,390,379,471,422]} 1. d4 Nf6 2. c4 e6 3. Nc3 Bb4 4. e3 O-O 5. Bd3 d5 6. Nf3 a6 {E51: Nimzo-Indian: Rubinstein: 4...0-0 5 Nf3 d5} (6... b6 7. O-O Bb7 8. cxd5 exd5 9. a3 Bd6 10. b4 Nbd7 11. Qb3 Re8 12. a4 Rb8 13. Nb5 Bf8 14. Nxa7 c6 15. b5 c5 16. Nc6 Bxc6 17. bxc6 c4 18. Qb5 cxd3 19. cxd7 Qxd7 20. Qxd3 {1-0 (41) Salem,A (2660)-Najer,E (2670) St Petersburg 2018}) 7. Qc2 dxc4 8. Bxc4 b5 {The position is equal.} 9. Be2 c5 $146 ({Predecessor:} 9... Bb7 10. O-O Nbd7 11. a3 Be7 12. b4 c6 13. Bb2 a5 14. Qb3 axb4 15. axb4 Rxa1 16. Rxa1 {1-0 (42) Herzog,M (2265)-Yasutake,P Hawaii 1994}) 10. dxc5 Qc7 11. Bd2 Bxc5 12. Rc1 {[#] And now Nb1 would win.} Nbd7 13. a4 b4 14. Ne4 Nxe4 15. Qxe4 {[%mdl 64] [#] aiming for Ng5. Double Attack} Qb8 16. Bd3 {[%csl Gd3][%cal Re4h7]} Nf6 17. Qh4 Be7 (17... Qd6 $11 18. Qc4 a5 19. Bxh7+ Kxh7 20. Qxc5 Rd8) 18. Bxh7+ $1 $14 Nxh7 19. Qxe7 a5 20. Nd4 Qe5 21. Qc5 (21. O-O $16) 21... Qf6 $1 $11 22. O-O Ba6 23. Rfe1 $36 {[%mdl 2048] Black is under pressure.} e5 (23... Rfd8 $1 $14) 24. Nc6 $16 {Hoping for e4.} e4 $2 (24... Bb7 $16 {might work better.}) 25. Qxa5 $18 Bd3 26. Qe5 (26. Qd5 $142) 26... Rxa4 27. Qxf6 Nxf6 28. Bxb4 Re8 29. Rc5 Re6 {intending ...Rxc6.} 30. Ba3 Ra8 31. Nb4 Rd8 32. h3 Ree8 33. Rd1 Be2 34. Rd4 Rb8 (34... Rxd4 {was necessary.} 35. exd4 e3) 35. Rd2 Bb5 36. Nc6 Rb6 37. Rd6 Kh7 38. Rc3 Re6 (38... Nd5 {was called for.} 39. Rb3 (39. Rxd5 Bxc6 40. Rd6 Re6 $18) 39... Re6) 39. Rxe6 fxe6 40. Ne5 Ba4 41. Rc4 Bb3 42. Rc7 Rb5 43. Nc6 Rd5 44. Nd4 Ba2 45. Re7 e5 (45... Rd7 $142 46. Rxd7 Nxd7) 46. Nf5 Kg6 47. g4 {[%csl Gf5][%cal Re7g7]} Rd7 48. Rxe5 Bb1 49. Kg2 {Accuracy: White = 67%, Black = 51%.} 1-0

[Event "Accentus Young Masters 2019"]
[Site "Bad Ragaz"]
[Date "2019.03.06"]
[Round "8.1"]
[White "Wagner, Dennis"]
[Black "Colmenares, Aurelio"]
[Result "1-0"]
[WhiteElo "2587"]
[BlackElo "2335"]
[Annotator "TA"]
[PlyCount "69"]
[EventDate "2019.02.27"]
[EventType "tourn"]
[EventCountry "SUI"]
[SourceTitle "playchess.com"]
[Source "ChessBase"]
[SourceQuality "1"]

{[%evp 14,69,21,1,13,0,77,79,72,50,54,46,68,50,57,32,39,25,47,34,116,125,165,142,136,118,133,115,223,240,236,250,235,238,248,237,237,246,233,167,167,158,172,172,207,159,167,166,354,359,358,350,2450,2243,2046,1558,1856,1846]} 1. d4 Nf6 2. Nf3 d5 3. c4 e6 4. g3 Be7 5. Bg2 O-O 6. Qc2 dxc4 7. Qxc4 a6 8. Qc2 Nc6 {E06: Closed Catalan: Early deviations} 9. O-O Bd6 $146 (9... Nxd4 $11 10. Nxd4 Qxd4) ({Predecessor:} 9... Nxd4 10. Nxd4 Qxd4 11. Qxc7 Nd5 12. Bxd5 Bd8 13. Qc4 Qxd5 14. Qxd5 exd5 15. Rd1 Bf6 16. Nc3 Bxc3 17. bxc3 {½-½ (17) Moiseenko,A (2678)-Onischuk,A (2644) Kallithea 2008}) 10. Rd1 $16 Qe7 {White is better.} 11. Nc3 h6 $1 12. h3 Bd7 13. e4 {e5 is the strong threat.} e5 $1 14. dxe5 Nxe5 15. Nh4 Bc5 16. Bf4 b6 (16... c6 $14) 17. Nf5 Qe6 18. Nd5 Nxd5 19. Rxd5 f6 {[#]} 20. b4 $1 $36 {[%mdl 2560] Keeping Black busy.} c6 (20... Bd6 $16 21. Nxd6 cxd6) (20... Bxb4 21. Bxe5) 21. Rxd7 $1 $18 Bxf2+ 22. Qxf2 ({Much less strong is} 22. Kxf2 $6 Qxd7 23. Rd1 Qa7) 22... Qxd7 23. Qxb6 Rfb8 24. Qc5 Rb5 25. Qc3 a5 26. bxa5 Rbxa5 27. a3 Qa7+ 28. Kh2 Qd7 29. Be3 Kh7 30. Bd4 Nf7 $2 (30... Qe6 31. Qe3 Rb8) 31. Bxf6 gxf6 32. Qxf6 {[%csl Gf5][%cal Rf6g7]} Ne5 $2 {[#]} (32... Rg8 33. Rd1 (33. Ne7 Rg7 $14) 33... Rxf5) 33. Rd1 $1 {[%mdl 512] White is clearly winning.} Qf7 (33... Qxd1 34. Qg7#) 34. Qxh6+ Kg8 35. Qg5+ {Accuracy: White = 81%, Black = 28%.} 1-0

[Event "Accentus Young Masters 2019"]
[Site "Bad Ragaz"]
[Date "2019.03.06"]
[Round "8.2"]
[White "Albornoz Cabrera, Carlos Daniel"]
[Black "Studer, Noel"]
[Result "1/2-1/2"]
[WhiteElo "2577"]
[BlackElo "2494"]
[Annotator "TA"]
[PlyCount "43"]
[EventDate "2019.02.27"]
[EventType "tourn"]
[EventCountry "SUI"]
[SourceTitle "playchess.com"]
[Source "ChessBase"]
[SourceQuality "1"]

{[%evp 23,43,-8,-8,-8,-8,-8,-5,-7,-5,-21,65,-37,-43,-44,-42,-30,0,0,0,-45,0,0]} 1. Nf3 d5 2. d4 e6 3. c4 dxc4 4. e3 Nf6 5. Bxc4 a6 6. O-O c5 7. a4 cxd4 8. exd4 Nc6 9. Nc3 Be7 10. Bg5 O-O 11. Re1 Bd7 12. Qe2 h6 {LiveBook: 3 Games. D27: Queen's Gambit Accepted: Classical main line: 7 e4!? and 7 a4} 13. Bxf6 Bxf6 14. Rad1 {[#]} Nb4 $146 ({Predecessor:} 14... Re8 15. Ne5 Qc7 16. Qh5 Nxe5 17. dxe5 Be7 18. Bd3 Red8 19. Qf3 Qb6 20. Qe4 {0-1 (42) Ipatov,A (2665)-Belous,V (2575) New York 2018}) 15. Ne5 Bc6 16. Qg4 Rc8 {[#]} (16... Kh8 $11) 17. Bxe6 (17. Nxf7 $1 $14 {[%mdl 512]} Rxf7 18. Bxe6) 17... fxe6 $15 18. Qxe6+ Kh7 {Threatens to win with ...Bxe5.} 19. Qf5+ Kg8 {...Qd6 is the strong threat.} (19... Kh8 $5 {[%cal Rf6e5]} 20. Ng6+ Kg8 21. Nxf8 Qxf8 $15) 20. Qe6+ Kh7 {aiming for ...Bxe5.} 21. Qf5+ Kg8 {[#] Strongly threatening ...Qd6.} (21... Kh8 $5 {[%cal Rf6e5]} 22. Ng6+ Kg8 $11) 22. Qe6+ 1/2-1/2

[Event "Accentus Young Masters 2019"]
[Site "Bad Ragaz"]
[Date "2019.03.06"]
[Round "8.3"]
[White "Petrov, Nikita"]
[Black "Yankelevich, Lev"]
[Result "1/2-1/2"]
[WhiteElo "2585"]
[BlackElo "2445"]
[Annotator "TA"]
[PlyCount "90"]
[EventDate "2019.02.27"]
[EventType "tourn"]
[EventCountry "SUI"]
[SourceTitle "playchess.com"]
[Source "ChessBase"]
[SourceQuality "1"]

{[%evp 31,90,0,-4,-14,0,-20,0,-49,-47,-33,0,0,0,-7,125,25,44,37,42,42,48,22,26,10,18,22,86,89,101,37,77,84,87,22,46,46,52,50,52,52,44,0,0,0,0,0,14,0,0,0,0,0,0,0,0,0,0,0,0,0,0]} 1. e4 e5 2. Nf3 Nc6 3. Bb5 a6 4. Ba4 Nf6 5. O-O Be7 6. Re1 b5 7. Bb3 d6 8. c3 O-O 9. d4 {[%cal Bd2d4,Bd4d5][%mdl 32]} Bg4 10. d5 Na5 11. Bc2 Qc8 12. h3 Bd7 13. Nbd2 {[%cal Bb1d2,Bd2f1,Bf1g3,Bg3f5][%mdl 32]} c6 14. dxc6 Qxc6 15. Nf1 Nc4 16. Ng3 {C91: Closed Ruy Lopez: 7...d6 8 c3 0-0 9 d4} Rfc8 {LiveBook: 5 Games} 17. Nf5 Bf8 (17... Bxf5 18. exf5 h6 19. a4 Bd8 20. b3 Nb6 21. axb5 axb5 22. Rxa8 Rxa8 23. Bb2 {½-½ (80) Perunovic,M (2622)-Karjakin,S (2762) Berlin 2015}) 18. Nh2 $146 {[#]} ({Predecessor:} 18. Ng3 h6 19. Nd2 Nb6 20. Nh5 Nh7 21. Qf3 a5 22. Nf1 Be6 23. Qg3 {0-1 (54) Turowski,P (2197)-Tanase,M (2092) ICCF email 2016}) 18... b4 $1 {[%mdl 512]} 19. Qf3 (19. cxb4 Nxb2) 19... bxc3 20. bxc3 Nb6 21. Nh6+ gxh6 22. Qxf6 d5 (22... Bg7 $11 {keeps the balance.} 23. Qf3 Qxc3 24. Qxc3 Rxc3) 23. Qxc6 (23. Qh4 $1 $16) 23... Rxc6 $11 24. exd5 Rxc3 25. Bb3 Nc4 26. Nf3 f6 27. Bd2 Nxd2 28. Nxd2 {aiming for Ne4.} Kf7 {[#]} (28... Bf5 $11 {remains equal.}) 29. Ne4 $1 $16 {[%cal Re4c3]} Rcc8 {[#]} 30. Rad1 ({Better is} 30. Re3 $1 $16) 30... a5 {Hoping for ...a4.} 31. d6+ Be6 32. Re3 ({White should try} 32. g4 $16) 32... a4 33. Bxe6+ Kxe6 34. g4 {Threatens to win with Rf3.} Rc4 35. f4 $1 exf4 36. Ree1 Kf7 {The position is equal.} 37. Kf2 Rd8 38. Kf3 Rc2 39. Re2 Rxe2 40. Kxe2 $11 {[%mdl 4096] Endgame KRB-KRN} Ke6 {[%cal Rf8d6]} 41. Nc5+ Ke5 42. Nd3+ Ke4 43. Nc5+ Ke5 44. Nd3+ Ke4 45. Nc5+ Ke5 {Precision: White = 48%, Black = 48%.} 1/2-1/2

[Event "Accentus Young Masters 2019"]
[Site "Bad Ragaz"]
[Date "2019.03.06"]
[Round "8.4"]
[White "Stijve, Theo"]
[Black "Kurmann, Oliver"]
[Result "1-0"]
[WhiteElo "2333"]
[BlackElo "2454"]
[Annotator "TA"]
[PlyCount "85"]
[EventDate "2019.02.27"]
[EventType "tourn"]
[EventCountry "SUI"]
[SourceTitle "playchess.com"]
[Source "ChessBase"]
[SourceQuality "1"]

{[%evp 12,85,16,19,22,8,10,18,23,0,4,10,14,8,215,227,218,213,215,230,218,202,185,171,174,97,102,94,111,93,106,105,106,116,193,176,203,254,237,262,247,237,296,347,336,306,389,389,421,421,405,370,574,556,549,565,742,729,712,700,868,860,1139,1114,1057,1093,922,679,1514,1302,1739,1731,1647,1651,1481,1178]} 1. e4 e5 2. Nf3 Nc6 3. Bb5 a6 4. Ba4 Nf6 5. d3 b5 6. Bb3 Bc5 7. Nc3 h6 {C77: Ruy Lopez: 3...a6 4 Ba4 Nf6, unusual lines} 8. Nd5 d6 9. c3 Rb8 {The position is equal.} 10. d4 (10. O-O O-O 11. d4 Ba7 12. Be3 Bg4 13. dxe5 Nxd5 14. Qxd5 Bxe3 15. fxe3 {0-1 (48) Salem,A (2660)-Mamedyarov,S (2817) St Petersburg 2018}) 10... Ba7 11. Be3 {Black must now prevent dxe5.} O-O $146 ({Predecessor:} 11... exd4 12. cxd4 O-O 13. O-O Nxd5 14. Bxd5 Na5 15. Bxh6 {½-½ (34) Shevchenko,K (2550)-Tin,J (2404) Tarvisio 2017}) 12. dxe5 Nxe4 $2 (12... Nxd5 $11 13. Bxa7 (13. Bxd5 Bxe3 14. Bxc6 Rb6 $11) 13... Nxc3 14. bxc3 Nxa7) 13. Qb1 $1 $18 Bxe3 14. Qxe4 Bg5 15. h4 Be7 16. O-O-O {Threatens to win with Bc2.} Nxe5 17. Nxe5 dxe5 {[#]} 18. Nf6+ $1 $40 {[%mdl 640] White has strong attack.} Bxf6 $16 19. Rxd8 Rxd8 20. Qg6 Rf8 21. g4 {[%mdl 1024] aiming for g5. White has strong compensation.} Rb6 {[#]} 22. Qh5 $1 Bb7 (22... Be6 $16) 23. Rg1 Be7 24. g5 ({Don't take} 24. Qxe5 $6 Bd6 $16) 24... hxg5 25. hxg5 {White threatens g6 and mate.} g6 26. Qh2 c5 27. Qxe5 Bd6 28. Qe3 Bc6 29. Rd1 Re8 30. Rxd6 {Intending Bxf7+! and mate.} Rxe3 31. fxe3 $18 {[%mdl 4096] Endgame KRB-KRB} c4 (31... Kf8 $142 32. Bd5 Bxd5 33. Rxb6 Bxa2 34. Rxa6 Be6) 32. Bc2 {White is clearly winning.} b4 33. cxb4 {[%mdl 64] Overworked Piece} Rxb4 34. Rxc6 {KRB-KR} Rb5 35. Rxa6 Rxg5 36. Rc6 Rg1+ 37. Kd2 Rg2+ 38. Kc3 Re2 39. Bxg6 Rxe3+ 40. Kxc4 fxg6 41. Rxg6+ Kf7 42. Rd6 Ke7 43. Rd2 {Accuracy: White = 95%, Black = 48%.} 1-0

[Event "Accentus Young Masters 2019"]
[Site "Bad Ragaz"]
[Date "2019.03.06"]
[Round "8.5"]
[White "Horvath, Dominik"]
[Black "Engel, Luis"]
[Result "0-1"]
[WhiteElo "2419"]
[BlackElo "2469"]
[Annotator "TA"]
[PlyCount "98"]
[EventDate "2019.02.27"]
[EventType "tourn"]
[EventCountry "SUI"]
[SourceTitle "playchess.com"]
[Source "ChessBase"]
[SourceQuality "1"]

{[%evp 10,98,31,19,14,14,14,14,14,0,12,8,14,0,0,0,18,11,18,10,32,0,0,12,8,-27,110,22,21,11,16,14,24,0,6,5,16,5,12,5,23,8,9,8,8,4,8,0,0,0,0,0,0,0,0,0,0,0,0,-5,0,-16,0,0,0,-16,0,0,0,0,0,-31,-33,-62,-64,-98,-81,-346,-339,-339,-339,-339,-339,-577,-557,-552,-286,-568,-543,-450,-426]} 1. c4 Nf6 2. Nc3 e6 3. e4 d5 4. cxd5 exd5 5. e5 Ne4 6. Nf3 ({Reject} 6. Nxe4 dxe4 7. Qa4+ Nc6 $15) 6... Bf5 {A18: English Opening: Flohr-Mikenas System (1 c4 Nf6 2 Nc3 e6 3 e4)} 7. d3 Nxc3 8. bxc3 c5 {The position is equal.} 9. d4 Nc6 10. Bd3 Bxd3 11. Qxd3 cxd4 12. Nxd4 Nxd4 13. cxd4 Bb4+ {[#]} 14. Bd2 $146 ({Predecessor:} 14. Ke2) 14... Qa5 15. Rb1 Bxd2+ 16. Qxd2 Qa6 17. Qb4 (17. f4 {is interesting.} Rc8 18. f5 b6 19. Rf1 Qa4 20. Rb4) 17... b6 {[#]} (17... Rc8 $1 $11 {remains equal.} 18. Qd2 (18. Qxb7 Rc1+ 19. Kd2 Qh6+ 20. Ke2 Rc2+ {[%mdl 64] Double Attack} 21. Kf1 Rc1+ 22. Ke2 Rc2+ {[%mdl 64] Double Attack} 23. Kf1 Rc1+ 24. Ke2 $17) 18... b6) 18. Qb5+ ({Better is} 18. Rc1 $1 $16) 18... Qxb5 $11 19. Rxb5 {[%mdl 4096] Endgame KRR-KRR} Ke7 20. Kd2 Ke6 21. Rc1 Rhc8 22. Rbb1 h5 23. a4 Rab8 24. Kd3 f6 25. exf6 gxf6 26. Rxc8 Rxc8 {KR-KR} 27. a5 Rb8 28. axb6 axb6 29. Ra1 b5 30. Ra6+ Kf7 31. Kc3 Rc8+ 32. Kd3 b4 33. Ra2 Rb8 34. Kd2 Kg6 35. Rb2 Kf5 36. Ke3 h4 37. Rb3 Kg4 38. h3+ Kf5 39. Kf3 Ke6 40. Ke3 Kd6 41. g3 Kc6 42. Rb1 Kb5 43. Kd3 $2 {[%mdl 8192]} (43. gxh4 $17 {was worth a try.} Rh8 44. Rc1) 43... Rc8 $19 44. gxh4 Rc3+ 45. Kd2 {[#]} Rf3 $1 ({Not} 45... Rxh3 46. Rc1 $17) 46. Rc1 $2 (46. Rh1 Rxf2+ 47. Ke3) 46... Rxf2+ 47. Ke3 Rf5 48. Rc5+ $2 (48. Rc8 {might work better.}) 48... Ka4 49. Kd3 Ka3 {Accuracy: White = 39%, Black = 64%.} 0-1

[Event "Accentus Young Masters 2019"]
[Site "Bad Ragaz"]
[Date "2019.03.07"]
[Round "9.1"]
[White "Engel, Luis"]
[Black "Wagner, Dennis"]
[Result "1/2-1/2"]
[WhiteElo "2469"]
[BlackElo "2587"]
[Annotator "TA"]
[PlyCount "81"]
[EventDate "2019.02.27"]
[EventType "tourn"]
[EventCountry "SUI"]
[SourceTitle "playchess.com"]
[Source "ChessBase"]
[SourceQuality "1"]

{[%evp 13,81,29,33,16,24,13,28,29,12,23,19,18,12,0,0,0,0,0,0,0,0,0,0,0,0,0,0,0,0,0,0,0,0,0,0,0,0,0,0,0,0,0,0,0,0,0,0,0,0,0,0,0,0,0,0,0,0,0,0,0,0,0,0,0,0,0,0,0,0,0]} 1. e4 e5 2. Nf3 Nf6 3. Nxe5 d6 4. Nf3 Nxe4 5. Nc3 Nf6 6. d4 Be7 7. Bd3 O-O 8. h3 {C42: Petroff Defence: 3 Nxe5 and unusual White 3rd moves} (8. O-O Nc6 9. Re1 Nb4 10. Bc4 d5 11. Bb3 c6 12. Ne2 Ne4 13. c3 Na6 14. Ng3 Nd6 15. Bc2 Nc7 {½-½ (33) Giri,A (2780)-Yu,Y (2764) Shenzhen 2018}) 8... b6 9. O-O Bb7 10. Re1 {White has an edge.} Re8 11. Bg5 Nbd7 12. a4 $146 {The position is equal.} ({Predecessor:} 12. Bc4 a6 13. a4 d5 14. Bd3 h6 {½-½ (68) Nisipeanu,L (2668)-Zhao,J (2552) Khanty-Mansiysk 2007}) 12... a6 13. Ne4 (13. Re3 {with more complications.} Bf8 14. Rxe8 Qxe8 15. Bf4 g6 16. Bf1) 13... Nxe4 14. Bxe4 Bxe4 15. Rxe4 Bxg5 16. Rxe8+ Qxe8 17. Nxg5 h6 18. Nf3 Qe4 19. Qd2 Nf6 20. Qc3 Qb7 21. Re1 b5 22. axb5 axb5 23. Nd2 Kf8 24. Nf1 Re8 25. Rxe8+ Kxe8 26. Ne3 Nd5 27. Nxd5 Qxd5 28. Qxc7 Qxd4 $11 {[%mdl 4096] Endgame KQ-KQ} 29. Qb8+ Ke7 30. Qb7+ Ke6 31. Qxb5 Qd1+ {[%mdl 64] [#] Double Attack} 32. Qf1 Qxc2 33. Qe1+ Kd7 34. Qb4 Kc6 35. Qd4 f6 36. b4 Qb1+ 37. Kh2 Qf5 {White should prevent ...Qe5+.} 38. Qc4+ Kb6 39. Qd4+ Kc6 {next ...Qe5+ is good for Black.} 40. Qc4+ Kb6 41. Qd4+ {Accuracy: White = 81%, Black = 98%.} 1/2-1/2

[Event "Accentus Young Masters 2019"]
[Site "Bad Ragaz"]
[Date "2019.03.07"]
[Round "9.2"]
[White "Kurmann, Oliver"]
[Black "Horvath, Dominik"]
[Result "1/2-1/2"]
[WhiteElo "2454"]
[BlackElo "2419"]
[Annotator "ChessBase"]
[PlyCount "80"]
[EventDate "2019.02.27"]
[EventType "tourn"]
[EventCountry "SUI"]
[SourceTitle "playchess.com"]
[Source "ChessBase"]
[SourceQuality "1"]
[TimeControl "40/5400+30:1800+30"]

1. e4 {[%emt 0:00:00]} e5 {[%emt 0:00:00]} 2. Nf3 {[%emt 0:00:00]} Nc6 {[%emt 0:00:00]} 3. Bc4 {[%emt 0:00:00]} Bc5 {[%emt 0:00:00]} 4. O-O {[%emt 0:00:02]} Nf6 {[%emt 0:00:06]} 5. d3 {[%emt 0:00:07]} d6 {[%emt 0:00:46]} 6. c3 {[%emt 0:00:10]} h6 {[%emt 0:00:27]} 7. Re1 {[%emt 0:04:10]} O-O {[%emt 0:04:43]} 8. Nbd2 {[%emt 0:07:18]} a5 {[%emt 0:02:43]} 9. Nf1 {[%emt 0:01:06]} Be6 {[%emt 0:00:29]} 10. Bb5 {[%emt 0:01:45]} Bd7 {[%emt 0:10:23]} 11. Ba4 {[%emt 0:08:35]} Re8 {[%emt 0:08:49]} 12. Ng3 {[%emt 0:02:55]} Qb8 {[%emt 0:01:07]} 13. d4 {[%emt 0:22:17]} Bb6 {[%emt 0:02:06]} 14. d5 {[%emt 0:01:13]} Ne7 {[%emt 0:01:53]} 15. Nh5 {[%emt 0:02:12]} Nxh5 {[%emt 0:01:28]} 16. Bxd7 {[%emt 0:00:13]} Rd8 {[%emt 0:00:02]} 17. Bg4 {[%emt 0:10:14]} Nf6 {[%emt 0:00:23]} 18. Bh3 {[%emt 0:00:06]} Qa7 {[%emt 0:00:24]} 19. Be3 {[%emt 0:00:39]} a4 {[%emt 0:06:59]} 20. c4 {[%emt 0:01:24]} Ng6 {[%emt 0:07:37]} 21. g3 {[%emt 0:00:21]} Nf8 {[%emt 0:02:19]} 22. Nd2 {[%emt 0:11:30]} Bxe3 {[%emt 0:09:47]} 23. Rxe3 {[%emt 0:00:01]} N8d7 {[%emt 0:00:38]} 24. Rb1 {[%emt 0:01:07]} Qa5 {[%emt 0:03:00]} 25. Bf1 {[%emt 0:04:21]} Nc5 {[%emt 0:00:46]} 26. Qe2 {[%emt 0:02:01]} Rdb8 {[%emt 0:03:55]} 27. Nf3 {[%emt 0:01:05]} Ra6 {[%emt 0:04:21]} 28. Ne1 {[%emt 0:02:49]} Rb6 {[%emt 0:02:16]} 29. Nc2 {[%emt 0:00:47]} Na6 {[%emt 0:00:15]} 30. Ra3 {[%emt 0:02:31]} Nb4 {[%emt 0:04:04]} 31. Ne1 {[%emt 0:01:53]} Ra8 {[%emt 0:01:52]} 32. Qe3 {[%emt 0:00:47]} Ng4 {[%emt 0:01:31]} 33. Qe2 {[%emt 0:00:09]} Nf6 {[%emt 0:02:03]} 34. Qe3 {[%emt 0:00:01]} Qc5 {[%emt 0:06:09]} 35. Qxc5 {[%emt 0:00:16]} dxc5 {[%emt 0:00:03]} 36. f3 {[%emt 0:00:47]} Ne8 {[%emt 0:00:54]} 37. Kf2 {[%emt 0:03:51]} Nd6 {[%emt 0:00:20]} 38. Ke3 {[%emt 0:00:09]} g6 {[%emt 0:01:41]} 39. Be2 {[%emt 0:03:56]} f5 {[%emt 0:01:52]} 40. Rc1 {[%emt 0:00:15]} Rba6 {[%emt 0:01:49]} 1/2-1/2

[Event "Accentus Young Masters 2019"]
[Site "Bad Ragaz"]
[Date "2019.03.07"]
[Round "9.3"]
[White "Yankelevich, Lev"]
[Black "Stijve, Theo"]
[Result "1/2-1/2"]
[WhiteElo "2445"]
[BlackElo "2333"]
[Annotator "ChessBase"]
[PlyCount "67"]
[EventDate "2019.02.27"]
[EventType "tourn"]
[EventCountry "SUI"]
[SourceTitle "playchess.com"]
[Source "ChessBase"]
[SourceQuality "1"]
[TimeControl "40/5400+30:1800+30"]

1. d4 {[%emt 0:01:36]} Nf6 {[%emt 0:00:11]} 2. Nf3 {[%emt 0:00:04]} d5 {[%emt 0:00:11]} 3. c4 {[%emt 0:00:36]} e6 {[%emt 0:00:08]} 4. g3 {[%emt 0:00:10]} Be7 {[%emt 0:00:07]} 5. Bg2 {[%emt 0:00:04]} O-O {[%emt 0:00:10]} 6. O-O {[%emt 0:00:02]} dxc4 {[%emt 0:00:10]} 7. Qc2 {[%emt 0:00:02]} b6 {[%emt 0:00:23]} 8. Bg5 {[%emt 0:00:03]} Nd5 {[%emt 0:00:34]} 9. Bxe7 {[%emt 0:00:04]} Qxe7 {[%emt 0:00:16]} 10. Ne5 {[%emt 0:00:04]} c5 {[%emt 0:05:48]} 11. dxc5 {[%emt 0:00:11]} Qxc5 {[%emt 0:01:15]} 12. Qxc4 {[%emt 0:00:03]} Qxc4 {[%emt 0:14:10]} 13. Nxc4 {[%emt 0:00:05]} Nd7 {[%emt 0:00:31]} 14. Rd1 {[%emt 0:07:26]} Ba6 {[%emt 0:04:54]} 15. Bxd5 {[%emt 0:01:16]} exd5 {[%emt 0:00:27]} 16. Rxd5 {[%emt 0:00:04]} Bxc4 {[%emt 0:01:07]} 17. Rxd7 {[%emt 0:00:03]} Rfd8 {[%emt 0:06:42]} 18. Rxd8+ {[%emt 0:00:16]} Rxd8 {[%emt 0:00:07]} 19. Nc3 {[%emt 0:00:21]} Rd2 {[%emt 0:00:37]} 20. b3 {[%emt 0:00:37]} Ba6 {[%emt 0:06:24]} 21. Rc1 {[%emt 0:01:20]} g6 {[%emt 0:02:16]} 22. Kf1 {[%emt 0:02:44]} Rb2 {[%emt 0:07:21]} 23. Ke1 {[%emt 0:01:03]} b5 {[%emt 0:02:14]} 24. Nd5 {[%emt 0:00:05]} Bb7 {[%emt 0:12:40]} 25. Nf6+ {[%emt 0:00:13]} Kg7 {[%emt 0:03:49]} 26. Ne8+ {[%emt 0:00:05]} Kf8 {[%emt 0:05:19]} 27. Nd6 {[%emt 0:00:08]} Bg2 {[%emt 0:00:58]} 28. f3 {[%emt 0:07:47]} Bh3 {[%emt 0:01:40]} 29. g4 {[%emt 0:00:33]} h5 {[%emt 0:02:06]} 30. gxh5 {[%emt 0:06:51]} gxh5 {[%emt 0:07:31]} 31. Nxb5 {[%emt 0:00:27]} Rxa2 {[%emt 0:00:31]} 32. Rc5 {[%emt 0:00:02]} Bd7 {[%emt 0:05:03]} 33. Nc3 {[%emt 0:03:56]} Ra1+ {[%emt 0:01:36]} 34. Kf2 {[%emt 0:04:41]} 1/2-1/2

[Event "Accentus Young Masters 2019"]
[Site "Bad Ragaz"]
[Date "2019.03.07"]
[Round "9.4"]
[White "Studer, Noel"]
[Black "Petrov, Nikita"]
[Result "1/2-1/2"]
[WhiteElo "2494"]
[BlackElo "2585"]
[Annotator "TA"]
[PlyCount "106"]
[EventDate "2019.02.27"]
[EventType "tourn"]
[EventCountry "SUI"]
[SourceTitle "playchess.com"]
[Source "ChessBase"]
[SourceQuality "1"]

{[%evp 18,106,6,0,5,8,12,10,12,5,10,10,10,10,4,2,18,18,28,6,35,1,12,0,12,6,12,0,0,0,0,0,17,14,14,0,0,0,0,0,0,0,0,0,0,0,0,0,0,0,0,0,0,0,0,0,0,0,0,0,0,0,0,0,0,0,0,0,0,0,0,0,0,0,0,0,0,0,0,0,0,0,0,0,0,0,0,0,0,0,0]} 1. d4 Nf6 2. Nf3 e6 3. g3 b6 4. Bg2 Bb7 5. O-O c5 6. c4 cxd4 7. Qxd4 Nc6 8. Qf4 Ne7 {A30: Symmetrical English: Double Fianchetto and Hedgehog} 9. Nc3 Ng6 10. Qd2 {LiveBook: 5 Games} Bb4 11. Qd3 O-O 12. b3 $146 ({Predecessor:} 12. Bd2 Rc8 13. Rac1 a6 14. b3 Ba3 15. Rcd1 d5 16. cxd5 Nxd5 17. Nxd5 Qxd5 18. Qxd5 Bxd5 {0-1 (59) Melkumyan,H (2660)-Iturrizaga Bonelli,E (2636) chess.com INT 2018}) 12... e5 {[#] Threatens to win with ...e4.} 13. Ne1 {[%cal Bf3e1,Be1g2,Bg2e3][%mdl 32]} Bxg2 14. Nxg2 Bxc3 15. Qxc3 d5 16. cxd5 {White wants to play Rd1.} Qxd5 17. Ne3 Qe6 18. Bb2 h5 19. Rac1 Rac8 {The position is equal.} 20. Qd3 Rfd8 21. Rxc8 Qxc8 22. Rc1 Qxc1+ 23. Bxc1 Rxd3 24. exd3 $11 {[%mdl 4096] Endgame KBN-KNN} Nd7 25. Nf5 f6 26. Be3 Kf8 27. d4 Ne7 28. Nd6 Nc6 29. dxe5 Ndxe5 30. f4 Nf7 31. Nb5 Ke7 32. Kf2 Nd6 33. Nc3 Ke6 34. h3 Nb4 35. Kf3 g6 36. Bc1 Nc2 37. g4 hxg4+ 38. hxg4 f5 39. g5 Nd4+ 40. Ke3 Nc2+ 41. Kd2 Nb4 42. Ba3 Nd5 {[#] Strongly threatening ...Nxc3.} 43. Bxd6 Kxd6 44. Nxd5 Kxd5 {KP-KP} 45. Kd3 a5 46. a4 Kc5 47. Kc3 b5 (47... Kd5 $5 48. Kd3 $8 Kc5 $11) 48. axb5 Kxb5 {K3P-K3P} 49. Kd3 Kc5 (49... Kb4 $5 50. Kc2 $8 Kc5 $11) 50. Kc3 $1 Kd5 {White must now prevent ...Ke4.} 51. Kd3 Kc5 $1 52. Kc3 $1 Kd5 {Hoping for ...Ke4.} 53. Kd3 Kc5 $1 {Precision: White = 78%, Black = 79%.} 1/2-1/2